000 00849nam a2200265Ia 4500
003 OSt
005 20220912144850.0
006 a|||||r|||| 00| 0
007 ta
008 220909b |||||||| |||| 00| 0 eng d
020 _a0749447656 (hbd)
024 _a78957
037 _b2119, 18/10/2007, Unilib Book Distributors
037 _cTextbook
040 _aCSL
_beng
_cCSL
041 _aeng
082 _aB2T0b89A, P6 TOR
100 _aTakeda Hitoshi
245 0 _aSynchronized production system: going beyond just-in-time through kaizen
260 _aLondon
_bKogan Page
_c2006
300 _a263p.
_ccm.
500 _aAppendix 1-3, 245-256p.; Glossary 257-262p.; Index p263.
942 _hB2T0b89A, P6 TOR
_cTB
_2CC
999 _c17621
_d17621